25 największych miast w Turcji. - Statystyki

Ogólne statystyki
  • Ten quiz został rozwiązany 20 razy
  • Średni wynik to 8 z 25
Statystyki odpowiedzi
Populacja Miasto % Poprawnych
5,6M Ankara
100%
16,4M Stambuł
100%
1,4M Antalya
83%
3,1M Izmir
83%
2,1M Bursa
67%
1,4M Konya
56%
1,8M Gaziantep
50%
1,8M Adana
33%
407K Sivas
28%
486K Batman
22%
721K Denizli
22%
871K Eskişehir
22%
538K Malatya
22%
729K Samsun
22%
1,1M Diyarbakir
17%
473K Erzurum
17%
609K Kahramanmaraş
17%
1,1M Mersin
17%
628K Şanliurfa
17%
1M Kayseri
11%
424K Manisa
11%
587K Wan
11%
399K Adapazari
6%
458K Elaziğ
6%
860K Gebze
6%
Nie znaleziono quizów pasujących do podanych kryteriów
Rozkład punktacji
Procent ludzi z każdym wynikiem
Percentyl według liczby udzielonych odpowiedzi
Twoja historia wyników
Nie rozwiązałeś tego quizu